01329nam a2200277 a 450000100100000000500170001000800410002702000150006804000250008308200200010810000380012824501520016626000860031830000210040450000700042550000420049550400290053765000520056665100650061870000360068370000650071904900090078495201180079395201230091199900170103400002168920240305140748.0100910s2000 dr 000 0 spa d a9993433055 aDO-SdBNPbspacBNPHU a972.9324bP381b1 aPeláez, Joaquínd1949-94511710aBarahona :bun enfoque sociológico /cJoaquín Peláez ; presentación Daniel Beltré López ; prólogo Ramón Benito de la Rosa y Carpio. aSanto Domingo :bComisión Presidencial de Apoyo Desarrollo Providencial,c2000. a370 p. ;c22 cm. aIncluye datos biográficos del autor en la solapa de la cubierta aIncluye notas al pie de las páginas aBibliografía : 369-370 4aCiudades y puebloszRepública Dominicana9784 4aBarahona (República Dominicana{Rpara}xHistoria Local923112aBeltré López, Daniel91389612a Rosa y Carpio, Ramón Benito de la,d1939-epról.974159 aBNPD 0010718PDaPDbPDcHDd2010-09-10iLF1l0o972.9324 P381bp21689-10r2020-06-25w2020-06-25yLFPDZNo se presta 0010718PDaPDbPDcHDd2010-09-10iLF1l0o972.9324 P381bp21689-20r2020-06-25te.2w2020-06-25yLFPDZNo se presta c21188d21188